Capital and country shared endings Quiz Stats

 Plays Quiz not verified by Sporcle

Score 0/28 Timer 08:00
0 Plays Today
Country Capital % Correct
Ghana, BotswanaTirana
92.3%
Guinea BissauBissau
92%
PanamaManama
92%
DjiboutiDjibouti
92%
LuxembourgLuxembourg
92%
Sierra LeoneGaborone
88%
El SalvadorSan Salvador
88%
IranTehran
88%
NicaraguaManagua
88%
San MarinoSan Marino
88%
SingaporeSingapore
88%
MonacoMonaco
84%
CubaJuba
84%
OmanAmman
76%
Country Capital % Correct
LatviaMonrovia
76%
GuatemalaKampala
76%
UgandaLuanda
73.1%
TunisiaNicosia
72%
ArgentinaPristina
72%
PeruMaseru
72%
TaiwanBandar Seri Begawan
68%
Democratic Republic of Congo, Republic of CongoSanto Domingo
68%
GabonLisbon
68%
MaliKigali
68%
Bahrain, SpainPort of Spain
68%
QuatarUlan Baatar
64%
Costa Rica, USA, Dominica, South Africa Podgorica
64%
Austria, NigeriaVictoria
60%

You're not logged in!

Compare scores with friends on all Sporcle quizzes.
OR
Log In

Sporcle TV

Today on Sporcle TV


Watch our educational content, quiz creation guides, and fun videos on Sporcle TV.

Show Comments

Extras

Top Quizzes Today


Score Distribution

Your Account Isn't Verified!

In order to create a playlist on Sporcle, you need to verify the email address you used during registration. Go to your Sporcle Settings to finish the process.

Report this User

Report this user for behavior that violates our Community Guidelines.

Details: